| 000 | 01412nam0a2200373 4500 | ||
|---|---|---|---|
| 001 | RU\NLR\BIBL_A\012068154 | ||
| 005 | 20190902104415.0 | ||
| 010 |
_a978-5-04-0988-08-2 _97000 |
||
| 021 |
_aRU _bКН-П-22-016472 _9КН-П-22-1420 |
||
| 021 |
_aRU _bКН-П-19-050841 _9КН-П-19-3676 |
||
| 035 | _a(NLR Aleph) 012068154 | ||
| 035 | _a(RuMoRGB)010033627 | ||
| 090 |
_a11741032 _c11741032 |
||
| 100 | _a20190801d2019 u y0rusy50 ca | ||
| 101 | 1 |
_arus _ceng |
|
| 102 | _aRU | ||
| 105 | _aa zzzz00000zy | ||
| 200 | 1 |
_aМагическая книга заклинаний _fDisney _g[пер. с англ. А. А. Малько] _gответственный редактор: С. Мазина |
|
| 210 |
_aМосква _c#Эксмодетство _d2019 |
||
| 215 |
_a[289] с. _cцв. ил. _d25 |
||
| 225 | 1 | _aЗвездная принцесса и силы зла | |
| 300 | _aОписано по вып. дан. | ||
| 309 | _aБез тит. л. и обл. | ||
| 333 | _a12+ | ||
| 686 | 0 | _aШ9(7США)62-4 | |
| 702 | 1 |
_aМазина _bС. _4340 |
|
| 712 | 0 | 2 |
_4570 _7ca _7ba _a"Walt Disney", компания _cСША _9452481 _3RU\NLR\AUTH\889977898 |
| 942 | _cBOOK | ||
| 980 | _aNBR | ||
| 980 | _aNB | ||